[Event "Bad Woerishofen Seniors op 21st"]
[Site "Bad Woerishofen"]
[Date "2005.03.11"]
[Round "9"]
[White "Garbe, Heinz"]
[Black "Wolf, Margot"]
[Result "1/2-1/2"]
[WhiteElo "1464"]
[BlackElo "1321"]
[PlyCount "32"]
[EventDate "2005.03.03"]
[EventType "swiss"]
[EventRounds "9"]
[EventCountry "GER"]
[SourceTitle "EXT 2006"]
[Source "ChessBase"]
[SourceDate "2005.11.24"]
[SourceVersion "1"]
[SourceVersionDate "2005.11.24"]
[SourceQuality "1"]

1. d4 d5 2. Nf3 Nf6 3. h3 Bf5 4. c3 e6 5. Bf4 Bd6 6. Bxd6 Qxd6 7. e3 Nbd7 8. Bd3 Bxd3 9. Qxd3 0-0 10. 0-0 Rac8 11. Nbd2 c5 12. Rac1 Rc7 13. Qb1 Rfc8 14. dxc5 Rxc5 15. Rfd1 Qb8 16. Nb3 R5c7 1/2-1/2

[Event "Bad Woerishofen Seniors op 21st"]
[Site "Bad Woerishofen"]
[Date "2005.03.07"]
[Round "5"]
[White "Garbe, Heinz"]
[Black "Buss, Richard"]
[Result "1-0"]
[WhiteElo "1464"]
[BlackElo "1373"]
[PlyCount "66"]
[EventDate "2005.03.03"]
[EventType "swiss"]
[EventRounds "9"]
[EventCountry "GER"]
[SourceTitle "EXT 2006"]
[Source "ChessBase"]
[SourceDate "2005.11.24"]
[SourceVersion "1"]
[SourceVersionDate "2005.11.24"]
[SourceQuality "1"]

1. d4 Nf6 2. c4 e6 3. Nf3 d5 4. e3 c6 5. Nc3 a6 6. Be2 Be7 7. 0-0 0-0 8. a3 Nbd7 9. b4 dxc4 10. Bxc4 Nb6 11. Bb3 Nbd5 12. Bb2 Re8 13. Rc1 Nxc3 14. Rxc3 Nd5 15. Rc2 Nf6 16. Qb1 Bd6 17. h3 Qe7 18. Rcc1 h6 19. Qc2 Bd7 20. Qd3 g6 21. Bd1 Nh7 22. Bb3 Rad8 23. e4 Bf4 24. Rc2 Bc8 25. e5 h5 26. Qe4 Bh6 27. Rd1 Ng5 28. Nxg5 Bxg5 29. f4 Bh6 30. Rd3 Bg7 31. g4 hxg4 32. hxg4 Bf8 33. g5 Qc7 1-0

[Event "Bad Woerishofen Seniors op 17th"]
[Site "Bad Woerishofen"]
[Date "2001.03.23"]
[Round "9"]
[White "Moeckel, Edgar"]
[Black "Garbe, Heinz"]
[Result "1-0"]
[WhiteElo "2087"]
[BlackElo "1700"]
[PlyCount "77"]
[EventDate "2001.03.??"]
[EventType "swiss"]
[EventRounds "9"]
[EventCountry "GER"]
[SourceTitle "EXT 2002"]
[Source "ChessBase"]
[SourceDate "2001.11.25"]
[SourceVersion "1"]
[SourceVersionDate "2001.11.25"]
[SourceQuality "1"]

1. d4 Nf6 2. Nf3 g6 3. c3 Bg7 4. Bg5 a6 5. Nbd2 d6 6. e4 0-0 7. Bc4 Bd7 8. Qe2 b5 9. Bb3 Qc8 10. 0-0 h6 11. Bh4 Kh7 12. e5 Ng8 13. Rfe1 e6 14. Bc2 Bc6 15. Bg3 dxe5 16. dxe5 Qb7 17. h4 Kh8 18. h5 Ne7 19. Nh4 Be8 20. f4 Nd7 21. Be4 c6 22. Bf2 Qc7 23. Qg4 Nf5 24. hxg6 Nxe5 25. fxe5 fxg6 26. Nxg6+ Bxg6 27. Qxg6 Qd7 28. Rad1 Rac8 29. Nb3 Qf7 30. Qxf7 Rxf7 31. Bxf5 Rxf5 32. Bd4 Bf8 33. Nc5 Bxc5 34. Bxc5 Rg8 35. Rd7 Rfg5 36. Re2 h5 37. Rf2 h4 38. Be7 Rg4 39. Bf6+ 1-0

[Event "Bad Woerishofen Seniors op 17th"]
[Site "Bad Woerishofen"]
[Date "2001.03.19"]
[Round "5"]
[White "Josting, Friedel"]
[Black "Garbe, Heinz"]
[Result "1-0"]
[WhiteElo "1820"]
[BlackElo "1700"]
[PlyCount "75"]
[EventDate "2001.03.??"]
[EventType "swiss"]
[EventRounds "9"]
[EventCountry "GER"]
[SourceTitle "EXT 2002"]
[Source "ChessBase"]
[SourceDate "2001.11.25"]
[SourceVersion "1"]
[SourceVersionDate "2001.11.25"]
[SourceQuality "1"]

1. Nf3 Nf6 2. d4 g6 3. Bf4 d6 4. Nbd2 Bg7 5. e4 Nfd7 6. c3 0-0 7. Bc4 Nb6 8. Bb3 Bg4 9. h3 Bxf3 10. Nxf3 N8d7 11. 0-0 e5 12. Bg5 Qe8 13. Re1 h6 14. Bh4 Kh7 15. g4 f6 16. a4 a5 17. Qe2 Ra7 18. Rac1 Nb8 19. Qd1 N8d7 20. Kg2 Qe7 21. Qe2 Rc8 22. Rcd1 c5 23. dxe5 dxe5 24. Nd2 Rc7 25. Nc4 Nxc4 26. Qxc4 Ra8 27. Qb5 Nb8 28. Rd5 g5 29. Bg3 Bf8 30. Red1 Nc6 31. Qc4 Qg7 32. Rd7 Rxd7 33. Rxd7 Be7 34. Rxb7 Ra7 35. Rxa7 Nxa7 36. Qa6 Bd8 37. Bd5 Qe7 38. Bb7 1-0

[Event "Bad Woerishofen Seniors op 17th"]
[Site "Bad Woerishofen"]
[Date "2001.03.16"]
[Round "2"]
[White "Girod, Gudrun"]
[Black "Garbe, Heinz"]
[Result "1/2-1/2"]
[WhiteElo "1385"]
[BlackElo "1700"]
[PlyCount "142"]
[EventDate "2001.03.??"]
[EventType "swiss"]
[EventRounds "9"]
[EventCountry "GER"]
[SourceTitle "EXT 2002"]
[Source "ChessBase"]
[SourceDate "2001.11.25"]
[SourceVersion "1"]
[SourceVersionDate "2001.11.25"]
[SourceQuality "1"]

1. d4 Nf6 2. Nf3 g6 3. Bf4 d6 4. h3 Bg7 5. e3 0-0 6. Be2 Nbd7 7. Nbd2 a6 8. e4 b5 9. 0-0 Bb7 10. Bd3 Rc8 11. c3 c5 12. Rc1 Re8 13. Re1 e5 14. Bg5 Qb6 15. d5 c4 16. Bb1 Nc5 17. Be3 Qd8 18. Bxc5 Rxc5 19. b3 cxb3 20. axb3 Qb6 21. c4 b4 22. Bd3 Rec8 23. Nf1 Ra5 24. Ra1 Rcc5 25. Re2 Rxa1 26. Qxa1 Ra5 27. Ra2 Rxa2 28. Qxa2 Bc8 29. g4 Nd7 30. Qa4 Bf8 31. Qa1 Nc5 32. Bc2 Bg7 33. Kg2 Bd7 34. N1d2 a5 35. Qe1 Qa6 36. Qe3 h6 37. g5 h5 38. h4 a4 39. bxa4 Bxa4 40. Bxa4 Qxa4 41. Qe1 b3 42. Qb1 Qa3 43. Ne1 Bf8 44. Nd3 Qa2 45. Nxc5 Qxb1 46. Nxb1 dxc5 47. f3 Bd6 48. Nc3 b2 49. Kf2 Bc7 50. Ke2 Ba5 51. Nb1 Kf8 52. Kd1 Ke7 53. Kc2 Be1 54. Kxb2 Bxh4 55. Kc2 Bxg5 56. Kd1 Be3 57. Ke2 Bc1 58. Kf1 g5 59. Kg2 f6 60. Nc3 Be3 61. Ne2 Bf4 62. Nc3 Bd2 63. Ne2 h4 64. Kh3 Kd6 65. Kg4 Ke7 66. Ng1 Ba5 67. Nh3 Kd6 68. Ng1 Ke7 69. Ne2 Bd2 70. Ng1 Kf7 71. Ne2 Kg6 1/2-1/2

[Event "Oberjoch op"]
[Site "Oberjoch"]
[Date "2001.??.??"]
[Round "7"]
[White "Garbe, Heinz"]
[Black "Scholz, Herbert"]
[Result "0-1"]
[WhiteElo "1533"]
[BlackElo "1738"]
[PlyCount "41"]
[EventDate "2001.??.??"]
[EventType "swiss"]
[EventRounds "8"]
[EventCountry "GER"]
[SourceTitle "EXT 2003"]
[Source "ChessBase"]
[SourceDate "2002.11.25"]
[SourceVersion "1"]
[SourceVersionDate "2002.11.25"]
[SourceQuality "1"]

1. d4 Nf6 2. Nf3 e6 3. Bf4 b6 4. e3 Bb7 5. Be2 Be7 6. h3 0-0 7. 0-0 d5 8. Nbd2 Nbd7 9. c4 c5 10. dxc5 Nxc5 11. cxd5 Nxd5 12. Bh2 Nf6 13. a3 Rc8 14. Rc1 Bd5 15. b4 Nce4 16. Nxe4 Nxe4 17. Rxc8 Qxc8 18. Qc1 Nc3 19. Nd4 Bf6 20. Bf3 Bxf3 21. Nxf3 0-1